| 000 | 00588nam a2200205 a 4500 | ||
|---|---|---|---|
| 005 | 20210223122827.0 | ||
| 008 | 991125s1976 mos 000 0 spa u | ||
| 035 | _aUPN01000042376 | ||
| 049 | _aCG | ||
| 050 | 4 |
_aHX276 _bM3.58 |
|
| 100 | 1 |
_aMarx, Karl, _d1818-1883 |
|
| 245 | 1 | 0 |
_aObras escogidas / _cC. Marx, F. Engels. |
| 260 |
_aMoscú : _bProgreso, _c1976. |
||
| 300 | _a3 v. | ||
| 534 |
_pTraducción: _tEditorial Progreso |
||
| 650 | 4 |
_aECONOMIA - _vCOLECCIONES _911545 |
|
| 650 | 4 |
_aSOCIALISMO - _vCOLECCIONES |
|
| 700 | 1 |
_aEngels, Friedrich, _d1820-1895 _ecoaut. |
|
| 905 | _aLibro | ||
| 999 |
_c42376 _d42376 |
||